Transistor circuit analysis, (Record no. 545633)
[ view plain ]
| 000 -LEADER | |
|---|---|
| fixed length control field | 00566cam a2200157 4500 |
| 082 ## - DEWEY DECIMAL CLASSIFICATION NUMBER | |
| Classification number | 621.38412 |
| Author Mark | JOY |
| -- | L-11, P-104 |
| 100 1# - MAIN ENTRY--PERSONAL NAME | |
| Personal name | Joyce, Maurice V. |
| 9 (RLIN) | 41563 |
| 245 10 - TITLE STATEMENT | |
| Title | Transistor circuit analysis, |
| Statement of responsibility, etc. | by Maurice V. Joyce and Kenneth K. Clarke. |
| 260 ## - PUBLICATION, DISTRIBUTION, ETC. | |
| Place of publication, distribution, etc. | Reading, Mass., |
| Name of publisher, distributor, etc. | Addison-Wesley Pub. Co. |
| Date of publication, distribution, etc. | [1961] |
| 300 ## - PHYSICAL DESCRIPTION | |
| Extent | xiv, 461 p. |
| Other physical details | illus. |
| Dimensions | 24 cm. |
| 490 1# - SERIES STATEMENT | |
| Series statement | Addison-Wesley series in the engineering sciences |
| 526 ## - STUDY PROGRAM INFORMATION NOTE | |
| Program name | 0 |
| Interest level | 0 |
| Reading level | 0 |
| Title point value | 621_384120000000000_JOY |
| 650 #0 - SUBJECT ADDED ENTRY--TOPICAL TERM | |
| Topical term or geographic name entry element | Transistor circuits. |
| 9 (RLIN) | 41564 |
| 700 1# - ADDED ENTRY--PERSONAL NAME | |
| Personal name | Clarke, Kenneth K., |
| 9 (RLIN) | 41565 |
| 942 ## - ADDED ENTRY ELEMENTS (KOHA) | |
| Source of classification or shelving scheme | |
| Koha item type | Book |
| Withdrawn status | Lost status | Source of classification or shelving scheme | Damaged status | Not for loan | Permanent Location | Current Location | Date acquired | Total Checkouts | Full call number | Barcode | Date last seen | Price effective from | Koha item type |
|---|---|---|---|---|---|---|---|---|---|---|---|---|---|
| Military College of Engineering (MCE) | Military College of Engineering (MCE) | 05/27/2014 | 621.38412 JOY | MCE-3688 | 05/27/2014 | 05/27/2014 | Book |
